Hipocrecimiento / (Registro nro. 362)
[ vista simple ]
| 000 -LEADER | |
|---|---|
| fixed length control field | 00819 am a2200217 a 4500 |
| 005 - FECHA ULTIMA MODIFICACION | |
| control field | 20231211100451.0 |
| 008 - CAMPO DE CONTROL (LIBRO) | |
| fixed length control field | 100614s1999||||sp a f |||| 001 0 spa d |
| 020 ## - INTERNATIONAL STANDARD BOOK NUMBER | |
| ISBN | 849225159X |
| 041 ## - CODIGO DE IDIOMA | |
| Código de idioma del texto/pista de sonido o título separado | spa |
| 092 ## - SIGNATURA TOPOGRAFICA DEWEY LOCAL | |
| número de clasificación | 618.92 |
| libristica | 34 |
| sección | HIP |
| 245 ## - TITULO PROPIAMENTE DICHO | |
| Título | Hipocrecimiento / |
| Mención de responsabilidad y remanente de la transcripción de la portada | M. Francisco Rivas Crespo |
| 250 ## - MENCION DE EDICION | |
| Mención de edición | 1a ed. |
| 260 ## - PIE DE IMPRENTA | |
| Lugar de publicación, distribución, etc | Barcelona: |
| Nombre de la editorial, distribuidor, etc | Sociedad Española de Endocrinología Pediátrica, Sección de la Asociación Española de Pediatría; |
| Fecha de publicación | 1999. |
| 300 ## - DESCRIPCION FISICA | |
| Extension | 204 p. |
| 500 ## - NOTA GENERAL | |
| Nota general | Rivas Crespo, M. F. (Coord.). (1999). Hipocrecimiento. (1a ed.). Barcelona : Sociedad Española de Endocrinología Pediátrica ; Sección de la Asociación Española de Pediatría. |
| 653 ## - TÉRMINO INDIZADO - PALABRAS CLAVES | |
| Palabra clave | Pediatría |
| 653 ## - TÉRMINO INDIZADO - PALABRAS CLAVES | |
| Palabra clave | Hipocrecimiento |
| 700 1# - ENTRADAS SECUNDARIAS - NOMBRE PERSONAL | |
| Nombre personal | Rivas Crespo, M. Francisco. |
| Función | Coord. |
| 9 (RLIN) | 1228 |
| 930 ## - NUMERO DE INVENTARIO | |
| Número de inventario | 1703 |
| 942 ## - ADDED ENTRY ELEMENTS (KOHA) | |
| Source of classification or shelving scheme | Dewey Decimal Classification |
| Item type | Libros |
| Estado de retiro | Existencia | Estado general | No para prestamo | Ubicación permanente | ubicación actual | Sala de ubicación | Fecha de adquisición | Total Checkouts | Número de clasificación | Código de barras | Date last seen | Número de ejemplar | Price effective from | Koha tipo de elemento (item) |
|---|---|---|---|---|---|---|---|---|---|---|---|---|---|---|
| Biblioteca Medicina | Biblioteca Medicina | Circulación | 13/05/2011 | 618.92 34 HIP | 1703 | 06/11/2014 | ej.1 | 13/05/2011 | Libros |